Language Quiz

Random Language Quiz
Score 0/60 Timer 10:00
0 Plays Today
Hint Answer % Correct
женщинаwoman
89.6%
мужчинаman
89.6%
девушкаgirl
85.4%
мальчикboy
83.3%
понедельникMonday
72.9%
вторникTuesday
68.8%
средаWednesday
68.8%
субботаSaturday
68.8%
чтоwhat
68.8%
воскресеньеSunday
66.7%
четвергThursday
66.7%
пятницаFriday
66.7%
глазeyes
62.5%
носnose
60.4%
ухоear
60.4%
какhow
60.4%
когдаwhen
60.4%
гдеwhere
60.4%
головаhead
58.3%
ктоwho
58.3%
молодой человекyoung man
52.1%
лицоface
50%
волосыhair
45.8%
странаcountry
43.8%
зубtooth
39.6%
сколько сейчас времени?What time is it?
35.4%
губыlips
33.3%
осеньautumn
33.3%
погодаweather
33.3%
как сказать 'this' порусски? How do you say 'this' in Russian?
33.3%
Hint Answer % Correct
снег snow
33.3%
ручкаpen
33.3%
Я из Флориды.I am from Florida
33.3%
лобforehead
31.3%
палецfinger
31.3%
карандашpencil
31.3%
А вы откуда?Where are you from?
31.3%
учительteacher
29.2%
зимаwinter
27.1%
веснаspring
27.1%
летоsummer
25%
который часThe time?
20.8%
девочкаsmall girl
18.8%
идет дождьrain
16.7%
Я хочу посетить Россию.I want to visit Russia.
16.7%
сколько времениhow long?
14.6%
Я голоден.I am hungry.
14.6%
Я хочу пить.I am thirsty.
14.6%
время годаseason
12.5%
холодноchilly
8.3%
рукаhand, arm
6.3%
ногаfoot, leg
4.2%
ХолодноIt is cold.
4.2%
родной языкmother tongue
2.1%
ЖаркоIt is hot.
2.1%
ПасмурноIt is cloudy.
2.1%
Tепло. It is warm.
2.1%
повторите еще раз, пожалуйстаCan you please repeat that?
0%
ЯсноIt is sunny.
0%
гроза thunderstrorm
0%

You're not logged in!

Compare scores with friends on all Sporcle quizzes.
OR
Log In

Sporcle TV

Today on Sporcle TV


Watch our educational content, quiz creation guides, and fun videos on Sporcle TV.

Show Comments

Extras

Created Oct 14, 2013ReportNominate
Tags:Russian, week

Top Quizzes Today


Score Distribution

Paid Content

Your Account Isn't Verified!

In order to create a playlist on Sporcle, you need to verify the email address you used during registration. Go to your Sporcle Settings to finish the process.

Report this User

Report this user for behavior that violates our Community Guidelines.

Details: